|
|
แสดงรายละเอียดบรรณานุกรม |
|
|
Brief Record
: Get Marc (ISO 2709)
: E-mail record
: |
|
|
| LEADER 00000nama 2200000uu 4500 | |||
| 008 040531s|||| th m m a000 0 tha d | |||
| 041 tha | |||
| 050 อ W2.JT3 ส691ร 2548 | |||
| 100 กรมควบคุมโรค. | |||
| 245 รายงานประจำปี 2548 กรมควบคุมโรค/กรมควบคุมโรค. | |||
| 260 2548. กรมควบคุมโรค. [นนทบุรี]. | |||
| 300 66 หน้า. | |||
| 600 I.กรมควบคุมโรค. | |||
| 650 1.โรคติดต่อ--การป้องกันและควบคุม--รายงานประจำปี 2.กรมควบคุมโรค--รายงานประจำปี | |||
| 995 002 | |||
| 999 ^aใช้งานได้ทุกระบบ | |||
| คุณยังไม่ได้ล็อกอิน คุณสามารถมีกิจกรรมร่วมกับเว็บไซต์ได้ แต่ต้องล็อกอินก่อน :: |
|
| สถานะ | |||||||||
| 1. | หนังสืออ้างอิง | อ W2.JT3 ส691ร 2548 | On Shelf | ||||||
| [แสดง 1/1 รายการ] | |||||||||
BibComment |
| คอมเมนท์ทรัพยากรรายการนี้ |
|
|